| 000 | 00992cam a2200289 4500 | ||
|---|---|---|---|
| 001 | ABS63536 | ||
| 008 | 000000n2001 000 0 eng u | ||
| 035 | _a(Sirsi) u110933 | ||
| 100 | _aDuffy, F. | ||
| 245 | _aWhat e-commerce may mean for design of corporate real estate | ||
| 260 | _c2001 | ||
| 490 |
_aJournal of Corporate Real Estate _v3(1) 2001, 56-61(6) |
||
| 520 | _aThe author uses three case studies to illustrate changes in office design. Highlights how businesses are responding to the potential of e-commerce, and using the design process to add value to business performance. | ||
| 590 | _aABS | ||
| 650 | _aE-COMMERCE | ||
| 650 | _aOFFICE DESIGN | ||
| 650 | _aADDING VALUE | ||
| 650 | _aEFFICIENCY | ||
| 650 | _aCORPORATE PROPERTY | ||
| 650 | _aBUSINESS PERFORMANCE | ||
| 650 | _aDESIGN PROCESS | ||
| 650 | _aSILICON VALLEY | ||
| 650 | _aBOOTS THE CHEMIST | ||
| 650 | _aGROSVENOR ESTATE | ||
| 690 | _aBUILT ENVIRONMENT-CONSTRUCTION DESIGN | ||
| 942 | _n0 | ||
| 999 |
_c66123 _d66123 |
||